Hämeenlinnan kaupunginosat kartalla - Statistics

Yleistilastot
  • Tätä visaa on pelattu 25 kertaa
  • Keskiarvotulos 13 / 41
Vastaukset kartalla
Vastauksille on annettu kartalla punavihreä väri sen mukaan, kuinka moni on saanut sen oikein.
 
Vastaustilastot
Vastaus % Oikein
Aulanko
81%
Ahvenisto
63%
Hattelmala
56%
Hätilä
50%
Idänpää
50%
Kauriala
50%
Loimalahti
50%
Sairio
50%
Vanaja
50%
Harviala
44%
Käikälä
44%
Katuma
44%
Luolaja
44%
Miemala
44%
Ojoinen
44%
Kankaantausta
38%
Kankainen
38%
Myllymäki
38%
Ruununmylly
38%
Vuorentaka
38%
Kantola
31%
Hämeensaari
25%
Keinusaari
25%
Pikku-Parola
25%
Saaristenmäki
25%
Voutila
25%
Hakumäki
19%
Hangasmäki
19%
Katinen
19%
Kirstula
19%
Puistonmäki
19%
Pullerinmäki
19%
Taka-Hätilä
19%
Koilliskulma
13%
Tiirinkoski
13%
Kappola
6%
Linnanniemi
6%
Luhtiala
6%
Majalahti
6%
Mäskälä
6%
Munakas
6%
Ehtoja vastaavia visoja ei löytynyt
Tulosjakauma
Jokaisen tuloksen saaneiden osuus
Persentiili vastausten määrän mukaan
Tuloshistoriasi
Et ole pelannut tätä visaa